000 00652nam a22002297a 4500
003 UA-OsUOA
001 100749
007 ta
008 20130530b un ||||| |||| 00| 0 ukr d
100 _aФренкель И.
090 _a821.161.1
_bФ87
942 _cBK
040 _aUA-OsUOA
_bukr
_cUA-OsUOA
_dUA-OsUOA
245 _aРека времен
_bстраницы из книги моей жизни
300 _a254 с.
955 _a3
041 _aukr
080 _a821.161.1
260 _aМ.
_bСоветский писатель
_c1984
650 7 _a82 Література. Літературознавство
_2UDC
999 _c386969
_d386969